Loading...
| Religion | 0 | 5 | 0 | 3 | 50 | 51 | 103.80 | 1 | 1 | 5.38 | 14.77 |
| History - Other | 0 | 4 | 0 | 2 | 40 | 63 | 107.50 | 0 | 1 | 5.83 | 17.05 |
| Philosophy | 0 | 4 | 1 | 1 | 35 | 100 | 110.50 | 0 | 0 | 2.24 | 6.82 |
| History - American | 0 | 3 | 0 | 0 | 30 | 83 | 102.67 | 0 | 0 | 4.68 | 8.18 |
| Fine Arts - Other | 0 | 3 | 0 | 1 | 30 | 120 | 133.00 | 0 | 0 | 1.01 | 11.14 |
| History - European | 0 | 3 | 0 | 1 | 30 | 73 | 105.67 | 0 | 1 | 4.26 | 9.09 |
| History - World | 0 | 3 | 1 | 1 | 25 | 67 | 94.33 | 0 | 1 | 6.00 | 6.82 |
| Literature - American | 0 | 2 | 1 | 1 | 15 | 100 | 108.50 | 1 | 1 | 3.69 | 9.09 |
| Social Science | 0 | 1 | 0 | 0 | 10 | 52 | 52.00 | 1 | 1 | 4.63 | 9.09 |
| Fine Arts - Painting and Sculpture | 0 | 1 | 0 | 0 | 10 | 122 | 122.00 | 0 | 0 | 0.75 | 0.91 |
| Geography | 0 | 1 | 0 | 0 | 10 | 53 | 53.00 | 1 | 1 | 19.64 | 33.33 |
| Literature - British | 0 | 1 | 0 | 0 | 10 | 113 | 113.00 | 0 | 0 | 1.91 | 2.73 |
| Literature - European | 0 | 1 | 0 | 0 | 10 | 140 | 140.00 | 0 | 0 | 0.00 | 0.91 |
| Mythology | 0 | 1 | 0 | 0 | 10 | 107 | 107.00 | 0 | 0 | 1.12 | 2.73 |
| Other Academic | 0 | 1 | 0 | 0 | 10 | 81 | 81.00 | 0 | 0 | 11.73 | 23.33 |
| Popular Culture | 0 | 1 | 0 | 0 | 10 | 115 | 115.00 | 0 | 0 | 6.44 | 25.00 |
| Science - Biology | 0 | 1 | 0 | 0 | 10 | 86 | 86.00 | 0 | 0 | 2.23 | 5.45 |
| Current Events | 0 | 1 | 0 | 1 | 10 | 77 | 77.00 | 0 | 0 | 13.44 | 23.33 |
| Science - Chemistry | 0 | 1 | 1 | 1 | 5 | 117 | 117.00 | 0 | 0 | 0.00 | 0.91 |
| Science - Other | 0 | 1 | 1 | 0 | 5 | 58 | 58.00 | 0 | 0 | 3.92 | 4.55 |
| Fine Arts - Classical Music | 0 | 0 | 0 | 0 | 0 | 0.00 | 0 | 0 | 0.00 | 0.00 | |
| Science - Physics | 0 | 1 | 2 | 0 | 0 | 122 | 122.00 | 0 | 0 | 0.07 | 1.82 |